[Event "Fraenkische GM 1st"]
[Site "Pulvermuehle"]
[Date "2000.01.17"]
[Round "5"]
[White "Stefanova, Antoaneta"]
[Black "Wells, Peter K"]
[Result "0-1"]
[WhiteElo "2495"]
[BlackElo "2483"]
[Annotator "Gershon,A"]
[PlyCount "102"]
[EventDate "2000.01.12"]
[EventType "tourn"]
[EventRounds "9"]
[EventCountry "GER"]
[EventCategory "10"]
[SourceTitle "CBM 075"]
[Source "ChessBase"]
[SourceDate "2000.04.05"]
[SourceVersion "1"]
[SourceVersionDate "2000.04.05"]
[SourceQuality "1"]

1. d4 d5 2. c3 e6 3. Nf3 c5 4. Bf4 Nc6 5. e3 Bd6 6. Bg3 Nf6 7. Nbd2 O-O 8. Bd3
Qe7 9. Ne5 {Not the most promising variation for white, and yet he wants to
get some space advantage and create some play on the K side while black will
have a superiority in the center.} Bxe5 ({Another interesting possibility is:} 
9... Nd7 10. f4 f6 11. Nxc6 bxc6 12. Qc2 (12. O-O e5 13. fxe5 fxe5 14. Rxf8+
Nxf8 15. dxe5 Bxe5 16. Bxe5 Qxe5 17. e4 Qg5 18. Qe2 Bg4 19. Nf3 Bxf3 20. Qxf3
Ng6 21. exd5 Ne5 22. Qe4 Nxd3 23. Qxd3 cxd5 $14 {1/2-1/2 Knezevic,M-Zaitsev,I/
Podolsk 1991/CBM 26 ext (58)}) 12... f5 13. Nf3 a5 14. Bh4 Qe8 15. Qe2 a4 16.
a3 cxd4 17. exd4 (17. cxd4 $142 c5 $11) 17... Bxf4 18. O-O Bc7 19. Rae1 Nf6 20.
Ne5 Ne4 21. Rf3 Bxe5 22. dxe5 Qd7 $17 {0-1 Vega Holm,F-Vallejo Pons,F/
Ponferrada 1997/CBM 60 ext (37)}) 10. dxe5 Nd7 11. f4 f6 (11... f5 12. Nf3 (12.
O-O b6 13. Nf3 a5 14. Re1 Ba6 15. Bc2 Rfb8 16. Bxf5 Ncxe5 17. fxe5 exf5 18. e6
Qxe6 19. Ng5 Qc6 20. Bxb8 Rxb8 21. Qh5 Nf6 22. Qf7+ Kh8 23. Rad1 Re8 24. Rd2 {
1/2-1/2 Jannsen,N-Strijbos,M/Hamburg 1993/TD (24)}) (12. exf6 {-see 11...f6})
12... c4 13. Bc2 Nc5 14. Bh4 Qe8 15. g4 $6 (15. Nd4 $142) 15... fxg4 16. Nd4
Qh5 17. Bg3 Qh3 18. Qe2 Nxd4 19. exd4 Nd3+ 20. Bxd3 cxd3 21. Qd2 Bd7 22. O-O-O
Be8 23. Qxd3 Bg6 $17 {[%csl Rg3,Gg6] 0-1 Dupsky,L-Lipinsky,F/Szeged 1998/CBM
63 ext (43)}) 12. Nf3 $6 (12. exf6 $142 $5 {I think white should seek for an
opening of lines as much as possible (after evacuating the king from the
center, of course) and exploit the stregnth of the bishops in open positions.}
Qxf6 (12... Nxf6 13. Nf3 e5 14. fxe5 Ng4 15. Qe2 g6 (15... Ngxe5 $2 16. Nxe5
Nxe5 17. Bxh7+ Kxh7 18. Qh5+ Kg8 19. Qxe5 $16) 16. O-O Ngxe5 17. Nxe5 Rxf1+ 18.
Rxf1 Nxe5 19. Bc2 $16 {[%cal Ge3e4] ^^ 0-1 Hesse,P-Majer,D/Germany 1994/
GER-chT2 (56)}) 13. O-O Qf7 14. e4 Nf6 15. e5 Nh5 {1/2-1/2 Hardicsay,P-Vigh,B/
HUN 1998/EXT 2000 (15)}) 12... fxe5 13. fxe5 {[%csl Ge3,Ge5,Gg3] White has
weakenned her structure quite a bit, but has weakenned the position of black
king instead.Black hadles this position in a very original way, sacrifising a
pawn, thus transposing to an opposite colored bishops position where an active
bishop means much more than a pawn.} c4 14. Bc2 Nc5 15. Qb1 Nd3+ $5 (15... g6
$2 16. h4 $40) 16. Bxd3 cxd3 17. Qxd3 Bd7 {[%cal Gd7e8,Ge8h5,Ge8g6]} 18. e4 $6
{White is not ready yet to open the game like that} (18. O-O Be8 19. Nd4 Bg6
20. Qe2 Rae8 {[%cal Ge7g5]} 21. Rxf8+ Rxf8 22. Rf1 $14) 18... dxe4 19. Qxe4 Qc5
{[%csl Ge1]} 20. Ng5 {[%csl Re1]} (20. Bf2 Qb5 21. O-O-O (21. Ng5 Rf5 $17)
21... Be8 $44 {[%cal Ge8g6,Gg6b1] <<}) 20... Rf5 21. O-O-O Qe7 (21... Rxg5 22.
Rxd7 Nxe5 23. Rxb7 $16) 22. Nf3 Be8 23. Rd6 Bg6 $6 (23... Bh5 24. Rhd1 Raf8 25.
Rd7 Qe8 $44) 24. Qc4 Re8 $44 25. Rhd1 (25. Nh4 $5 Qg5+ 26. Rd2 Nxe5 (26... Rxe5
$2 27. Nxg6 (27. Bxe5 Nxe5 28. Qd4 Nd3+ $17) 27... Rc5 28. Qe4 $16) 27. Bxe5
Rxe5 28. Nxg6 (28. Nf3 $2 Qf5 $19) 28... Qxg6 29. Rhd1 $13) 25... Bh5 (25...
Rf7 26. Bh4 $18 {[%csl Ge6]}) 26. Rd7 Qf8 27. Qh4 Bxf3 28. gxf3 Rxf3 {[%csl
Gg3]} 29. Rxb7 Ne7 (29... Rf1 30. Rbd7 Qf5 {[%cal Gf1d1,Gc6e5]} 31. Rxf1 Qxf1+
32. Rd1 Qe2 {Black has some compensation, but probably not enough.}) 30. Rdd7
Rf1+ 31. Kc2 Nf5 (31... Qf5+ 32. Kb3 $18) 32. Qg5 Rc8 33. Rxa7 {White is two
pawns up, but his king is weak, and she should be very careful} Kh8 $1 34. Rab7
$4 {Letting black free his pieces out.} (34. a4 $142 h6 35. Qg6 Qc5 {[%cal
Gf5g3,Gf1f2]} (35... Nxg3 36. hxg3 Rf2+ 37. Kb3 Rb8+ 38. Rab7 $18) 36. Rac7 $1
(36. Qh5 $4 Nxg3 37. hxg3 Qf2+ 38. Kb3 Rb1 $19) 36... Qxc7 37. Rxc7 Rxc7 38. b4
$18) 34... Qe8 35. Kd2 (35. a4 h6) (35. Rxg7 $4 Qa4+ 36. Kd2 (36. b3 Qxa2+ 37.
Kd3 Qb1+ 38. Ke2 Qd1#) (36. Rb3 Qe4+ 37. Kd2 Qd5+ 38. Ke2 Qd1#) 36... Qd1#) (
35. Ra7 {[%csl Ga4]} h6 36. Qg4 Rd8 $44) 35... h6 36. Qg4 Rd8 37. Qa4 Rxd7+ 38.
Qxd7 Qh5 {[%csl Gd2]} 39. Kc2 Rd1 $4 (39... Qe2+ 40. Kb3 (40. Qd2 Ne3+) 40...
Rb1 41. Ka3 Qa6+ 42. Kb3 Qe2 43. Ka3 $11) 40. Qxe6 $4 (40. Rb8+ Kh7 41. Qxe6
Qe2+ 42. Kb3 $18) 40... Qe2+ 41. Kb3 Nd4+ $1 42. cxd4 Qf3+ 43. Ka4 Qxb7 {
White has 3 pawns for an exchange but his king is way too weak} 44. Qd6 Qe4 45.
b4 (45. Bf2 Qc2+ {[%csl Ga4,Gf2]}) 45... Rxd4 46. Qc5 Qd3 (46... Qa8+ 47. Qa5 (
47. Kb3 Qf3+ 48. Ka4 Qd1+ 49. Ka3 Rd3+ $19) 47... Qc6+ 48. Qb5 Qc2+ 49. Ka5
Qxa2+ $19) 47. Qc6 (47. Qf8+ Kh7) 47... Rd5 48. b5 Qd2 $1 49. Bf2 Rd3 50. Qc4
Rf3 51. Bg3 Rc3 (51... Rc3 52. Qe6 (52. Qe4 Qxa2+ 53. Kb4 Qa3#) 52... Qd4+ 53.
Ka5 Ra3#) 0-1

[Event "Najdorf Memorial Great fin"]
[Site "Buenos Aires"]
[Date "2000.09.13"]
[Round "3.1"]
[White "Soppe, Guillermo"]
[Black "Milov, Vadim"]
[Result "0-1"]
[WhiteElo "2471"]
[BlackElo "2626"]
[Annotator "Gershon,A"]
[PlyCount "74"]
[EventDate "2000.09.09"]
[EventType "k.o."]
[EventRounds "4"]
[EventCountry "ARG"]
[SourceTitle "CBM 079"]
[Source "ChessBase"]
[SourceDate "2000.11.21"]
[SourceVersion "1"]
[SourceVersionDate "2000.11.21"]
[SourceQuality "1"]

1. d4 Nf6 2. Nf3 d5 3. c3 e6 4. Bf4 (4. Bg5 Be7 5. Nbd2 O-O (5... Nbd7 6. e3 c6
7. Bd3 O-O 8. O-O h6 9. Bh4 c5 10. a4 Re8 11. Ne5 Nxe5 12. dxe5 Nd7 13. Bxe7
Qxe7 14. f4 b6 15. Qh5 Bb7 $13 {1-0 Stefanova,A-Cortes Gallardo,G/3rd Open,
Malaga ESP 2000 (21)}) 6. e3 b6 7. Bd3 Ba6 8. Bxa6 Nxa6 9. Ne5 Nb8 10. O-O Nfd7
11. Bxe7 Qxe7 12. f4 Nxe5 13. fxe5 Nd7 14. Qg4 f5 15. exf6 Nxf6 16. Qh4 e5 17.
Rae1 e4 18. Rf5 Rae8 19. Ref1 c6 $11 {1/2-1/2 Limp,E-Da Silva,E/Vitoria 1999/
EXT 2000 (36)}) 4... Bd6 5. e3 (5. Bg3 O-O (5... Ne4 6. Bxd6 cxd6 7. e3 Bd7 8.
Nbd2 Bc6 9. Be2 Nd7 10. Nxe4 dxe4 11. Nd2 Qg5 12. O-O O-O 13. Nc4 Qe7 14. Qb3
Nf6 15. Qa3 Rfd8 $11 {0-1 Stoppel,F-Schatzl,F/AUT 1998/EXT 2000 (37)}) 6. e3
Nc6 7. Bd3 Re8 8. Ne5 Ne4 9. Bb5 Nxg3 10. hxg3 Bxe5 11. dxe5 Bd7 12. Bxc6 Bxc6
13. Qc2 h6 14. Nd2 f5 15. Nf3 Bd7 16. Rd1 c5 $11 {0-1 Sarkozi,F-Volodin,A/
Gyongyos 1995/EXT 99 (21)}) 5... O-O 6. Nbd2 b6 $5 {The idea is obvious:
exchange the bad B} (6... c5 7. Bg3 b6 8. Bd3 Ba6 9. Bxa6 Nxa6 10. Bxd6 Qxd6
11. Ne5 Nd7 12. Nxd7 Qxd7 13. Qe2 Nc7 14. O-O Qb5 15. Qxb5 Nxb5 16. dxc5 bxc5
17. c4 Nc7 18. cxd5 exd5 19. Rac1 $14 {0-1 Vukelic,T-Kekic,A/Pula 1999/EXT
2000 (44)}) 7. Ne5 Nfd7 8. Bd3 Bxe5 9. dxe5 Ba6 (9... Nc6 {is not a threat
since on Nxe5 white will always have Bxh7 followed by Qh5+}) 10. Bc2 {[%cal
Ga6f1]} ({of course exchanging the B's would leave white with the worse
position} 10. Bxa6 Nxa6 {[%csl Rf4][%cal Yc5c4,Ya6c5,Yc5d3,Gc7c5,Gc7c4]}) 10...
Nc6 11. Nf3 f6 12. exf6 Nxf6 13. Nd4 $6 (13. Ba4 Na5 14. Ne5 c5 $11) (13. Ne5
$142 Nxe5 14. Bxe5 c5 15. Qf3 $14 {[%cal Gf3h3]}) 13... Nxd4 14. Qxd4 c5 15.
Qe5 Qe8 16. h3 (16. O-O-O $6 Ng4 17. Qg5 Nxf2 18. Qh4 (18. Bxh7+ Kxh7 19. Qh4+
Kg8 20. Qxf2 e5 $19) 18... Ne4 19. Bxe4 dxe4 20. Bd6 Bd3 21. Bxf8 Qxf8 {
[%csl Rf1][%cal Gf8e8,Ge8a4,Yd3f1,Yd3b1] with a good compensation for the
exchange.}) 16... Rc8 17. O-O-O b5 $132 18. Qg5 b4 19. Be5 Bc4 20. Kb1 a5 21.
Rd2 $2 {a waste of time} (21. Qh4 $142 {[%cal Gg2g5,Ye5f6]} Qf7 22. b3 (22. f3
$2 {[%cal Gg2g5]} a4 23. b3 axb3 24. axb3 bxc3 $19) 22... Ba6 23. c4 $132)
21... Qb5 {21... a4 looks like the natural move here, but black goes for a
more sparkling one} (21... a4 {Would've given black a huge edge as well} 22.
Bd1 (22. b3 axb3 23. axb3 bxc3 24. Bxc3 Qb5 $17) (22. Bd6 b3 23. Bxf8 bxc2+ 24.
Rxc2 Qxf8 $19) (22. Bxf6 Rxf6 {[%cal Gb4b3,Yb4c3]}) 22... bxc3 23. Bxc3 (23.
bxc3 Rb8+ 24. Ka1 (24. Bxb8 Ne4 $1 $19) 24... Rb6 $40 {[%cal Ge8b5]}) 23... d4
$1 24. exd4 Ne4 $19) 22. cxb4 (22. b3 bxc3 23. Bxc3 a4 $19) 22... Bxa2+ $1 23.
Kxa2 axb4 {/\ 23...b3 25.Bxb3 Ra8} 24. b3 c4 $19 25. Kb1 (25. Ra1 c3 26. Rdd1
Ra8+ 27. Kb1 Rxa1+ 28. Kxa1 Qa5+ 29. Kb1 Qa3 $19) 25... Qa5 26. Bxh7+ (26. Qh4
Ra8 27. Bxf6 Rxf6 28. Qxh7+ Kf7 29. Qh5+ Ke7 30. Kc1 c3 $19) 26... Kxh7 27. Ra2
Qb6 28. Bd4 Qc6 29. Ra7 Rc7 30. Rxc7 Qxc7 {White's position is very difficult
mainly due to the difference between the K's} 31. Rc1 $2 {white must have
changed the N} (31. Bxf6 Rxf6 32. Rc1 Kg8 (32... Rxf2 $4 33. Qh4+ {[%csl Rh7]
[%cal Gh4h7,Gh4f2]}) 33. bxc4 dxc4 34. Qb5 Qd6 35. Qxc4 Rxf2 $17) 31... Ne4 32.
Qh5+ Kg8 33. bxc4 Nd2+ 34. Kb2 Nxc4+ 35. Kb3 Rc8 36. Qg6 (36. Qd1 Ra8 $19)
36... Nd2+ 37. Kxb4 Qb7+ 0-1

[Event "Hastings 00 75th"]
[Site "Hastings"]
[Date "2000.01.06"]
[Round "3"]
[White "Bischoff, Klaus"]
[Black "Sutovsky, Emil"]
[Result "0-1"]
[WhiteElo "2544"]
[BlackElo "2597"]
[Annotator "Gershon,A"]
[PlyCount "52"]
[EventDate "2000.01.04"]
[EventType "tourn"]
[EventRounds "9"]
[EventCountry "ENG"]
[EventCategory "13"]
[SourceTitle "CBM 075"]
[Source "ChessBase"]
[SourceDate "2000.04.05"]
[SourceVersion "1"]
[SourceVersionDate "2000.04.05"]
[SourceQuality "1"]

1. Nf3 Nf6 2. d4 g6 3. Nbd2 d5 4. e3 Bg7 5. b4 O-O (5... b6 6. Be2 O-O 7. O-O
c5 8. c3 Bb7 9. bxc5 bxc5 10. Rb1 Qc7 11. Qb3 Bc8 12. c4 Nc6 13. cxd5 Na5 14.
Qc2 $16 {1-0 Meduna,E-Schneider,H/Passau 1999/EXT 2000 (29)}) (5... a5 6. b5 c5
7. c3 Nbd7 8. Ba3 b6 9. Be2 O-O 10. O-O Bb7 11. c4 Ne4 12. Rc1 Rc8 13. cxd5
Bxd5 14. Nxe4 Bxe4 15. Qa4 Bxf3 16. Bxf3 cxd4 17. exd4 Rxc1 18. Rxc1 Bf6 19. g3
Qb8 20. Kg2 Rd8 21. Rc6 $36 {1-0 Meduna,E-Telsa,V/Prague 1996/EXT 98 (49)}) 6.
Be2 (6. a4 Nbd7 7. Bb2 e5 8. Nb3 exd4 9. Nfxd4 Ne4 10. Be2 Ne5 11. O-O Re8 12.
b5 Nc4 13. Rb1 a6 14. Bxc4 dxc4 15. Nd2 Nc5 16. Nxc4 Nxa4 17. Ba1 Bd7 {1/2-1/2
Bischoff,K-Smejkal,J/Germany 1999/EXT 2000 (17)}) (6. c4 c6 7. Bb2 a5 8. b5 a4
9. Ba3 Bf5 10. Rc1 Ne4 11. cxd5 cxb5 12. Bxb5 Qa5 13. Be2 b5 14. Bxe7 Re8 15.
d6 Nc3 16. Rxc3 Qxc3 17. Bxb5 Bd7 18. Bxd7 Nxd7 19. O-O Qa3 20. Qc2 Rec8 21.
Nc4 Qb4 22. Nfd2 Qb5 23. Qe4 Rab8 24. Rb1 $16 {1-0 Dizdarevic,E-Horvath,C/Pula
1999/CBM 70 ext (58)}) 6... Nfd7 $146 (6... Bg4 $5 {Black is a bit short on
space which makes it a good idea to change some pieces.} 7. O-O Nbd7 8. h3 Bxf3
9. Nxf3 Ne4 10. Bb2 Nb6 11. a4 a5 12. b5 c5 13. bxc6 bxc6 14. Nd2 Nd6 15. Ba3
Nxa4 16. Bd3 Nc3 17. Qe1 Ndb5 18. Nb3 a4 19. Nc5 Qa5 20. Nb7 Qc7 21. Nc5 e5 $17
{0-1 Meduna,E-Sergeev,V/Stary Smokovec 1996/EXT 98 (40)}) 7. O-O e5 {[%cal
Gg7a1] Trying to activate his pieces, and gain some space.} 8. c3 Re8 9. a4 a5
{A thematic move, blocking white's attack at its very beginning.} 10. b5 c5 11.
bxc6 (11. Ba3 cxd4 12. cxd4 exd4 13. exd4 Nb6 14. Nb3 Bg4 $132) 11... bxc6 12.
Rb1 Ba6 13. c4 $2 (13. Ba3 Bxe2 14. Qxe2 exd4 15. cxd4 $14) 13... e4 14. Ne1 {
A reversed version of a french defence has arised on the board.} Nb6 15. c5 $6
(15. cxd5 Bxe2 16. Qxe2 Nxa4 17. Qc4 (17. Nxe4 $8 Rxe4 18. Qc2 cxd5 19. Qxa4
Nd7 $15 {[%cal Gd7b6,Gb6c4]}) 17... Nb6 18. Qc5 Nxd5 $17) (15. Qc2 $142 N8d7
16. Ba3 Rb8 $15) 15... Bxe2 16. Qxe2 Nxa4 {[%cal Ga4c3,Yc3b1,Yc3e2]} 17. Rb3
Nd7 18. Ba3 $2 (18. Qd1 $142 {[%cal Gd1a4] I would prefer this over the text,
not allowing black to take over the 'b' file.} Naxc5 $5 19. dxc5 Nxc5 20. Rb1
a4 $36 {[%csl Ga1][%cal Ga4a1,Gg7a1]}) 18... Rb8 19. Qd1 Rb5 20. Rxb5 Nc3 21.
Qb3 Nxb5 $19 22. Nc2 Qa8 23. Bb2 a4 24. Qb4 $2 (24. Qa2 $142) 24... Rb8 {
[%csl Rb2,Rb4,Rc2][%cal Gb5d4,Gb8b2,Gg7b2] And now white loses a piece.} 25.
Ra1 Nxd4 26. Rxa4 (26. Bxd4 Rxb4 27. Nxb4 Nxc5 $19) 26... Nxc2 (26... Nxc2 27.
Rxa8 Nxb4 28. Rxb8+ Nxb8 $19) 0-1

[Event "ARM-ch"]
[Site "Yerevan"]
[Date "1999.10.23"]
[Round "8"]
[White "Minasian, Artashes"]
[Black "Akobian, Varuzhan"]
[Result "1-0"]
[WhiteElo "2600"]
[BlackElo "2387"]
[Annotator "Gershon,A"]
[PlyCount "73"]
[EventDate "1999.10.16"]
[EventType "tourn"]
[EventRounds "11"]
[EventCountry "ARM"]
[EventCategory "10"]
[SourceTitle "CBM 074"]
[Source "ChessBase"]
[SourceDate "2000.02.01"]
[SourceVersion "1"]
[SourceVersionDate "2000.02.01"]
[SourceQuality "1"]

1. Nf3 d5 2. g3 c6 3. Bg2 Bg4 4. O-O Nd7 5. d4 Ngf6 6. Nbd2 e6 7. Re1 Bd6 (7...
Be7 8. e4 dxe4 9. Nxe4 Nxe4 10. Rxe4 Bf5 (10... Nf6 11. Re1 O-O (11... h6 12.
c3 O-O 13. Qb3 Bxf3 $5 14. Bxf3 Qd7 15. Bd2 Rac8 16. Rad1 Rfd8 17. Bf4 Nd5 18.
Bc1 b5 {[%cal Gd5b6,Gb6c4]} 19. Qc2 {[%cal Gb2b3]} c5 20. dxc5 Bxc5 21. Rd3 Qc6
$11 {1/2-1/2 Ruck,R-Varga,Z/Budapest 1996/CBM 57 (33)}) 12. c3 Qb6 13. Qb3 Qxb3
14. axb3 Bxf3 15. Bxf3 a6 16. Bg2 Rad8 17. f4 Rfe8 18. b4 Bf8 19. Bf3 Nd5 20.
Bd2 g6 21. Re2 f5 22. Kf2 Kf7 $11 {1/2-1/2 Makarov,M-Popov,V/St.Petersburg
1997/CBM 61 ext (44)}) 11. Re1 O-O 12. c3 h6 13. Qb3 Qb6 14. Nd2 Qxb3 15. axb3
Nb6 16. b4 a6 17. Nb3 Rad8 18. b5 axb5 19. Ra7 Rd7 20. Na5 Ra8 21. Rxb7 Rxb7
22. Nxb7 Nd5 23. Nc5 Ra7 24. h3 Kf8 $11 {1-0 Carlier,B-Dutreeuw,M/Belgian
Interteam, Antwerp BEL 1999 (66)}) 8. e4 dxe4 9. Nxe4 Nxe4 10. Rxe4 Bh5 (10...
Nf6 11. Re1 O-O 12. c3 Re8 13. Qb3 Bxf3 (13... Qc7 14. Ne5 Bh5 15. Nc4 Re7 $6
16. Bg5 h6 17. Bxf6 gxf6 18. a4 Rd7 19. Nxd6 Rxd6 20. a5 Rad8 21. Qc4 Bg6 22.
b4 $16 {1-0 Speelman,J-Kharlov,A/Moscow 1995/CBM 46 ext (52)}) 14. Bxf3 Qb6 15.
Bg5 Nd5 16. Re2 h6 17. Bd2 Red8 18. Kg2 Be7 19. c4 Nf6 20. Qxb6 axb6 21. Bc3
Rd7 22. a4 $14 {1-0 Drasko,M-Yagupov,I/Linares 1996/CBM 51 ext (32) ^^}) 11. d5
cxd5 $2 {Black is going after an exchange, but he also gives up a castle, and
lets white pieces control the board.} (11... Nf6 $142 12. Bg5 cxd5 13. Bxf6
Qxf6 14. Qxd5 {[%csl Gd6,Gh5]} Bxf3 15. Bxf3 O-O (15... Qxb2 16. Ree1 (16.
Rxe6+ fxe6 17. Qxe6+ Be7 18. Re1 Qf6 $19) (16. Rae1 Rd8 $17 17. Rxe6+ $140 $2
fxe6 18. Qxe6+ Kf8 19. Bh5 g6 20. Re3 Kg7 $19) 16... Rd8 17. Qxb7 Qxb7 18. Bxb7
$11) 16. Qxd6 Qxf3 $11) 12. Qxd5 Nf6 13. Qxb7 Nxe4 14. Qc6+ Kf8 15. Qxe4 {
[%csl Ga8][%cal Gf3e5,Gc1g5]} Bg6 16. Qe2 Rc8 17. c3 Qc7 (17... h6 $5 18. Nd4
Kg8 19. Be3 Qd7 20. Rd1 $44) 18. Nd4 Bc5 19. Be3 h6 {[%cal Gf8g8,Gg8h7] Trying
to solve the problem of his king's position} 20. h4 $1 $16 {[%csl Gg6][%cal
Gh4h5]} Bb6 (20... h5 {[%csl Gg5]} 21. Rd1 Kg8 22. Bf4 Qb6 23. Nf3 $16 {
[%csl Gh8][%cal Gf3g5] white is virtually playing with an extra piece.}) 21. h5
Bh7 22. a4 e5 23. Nb5 Qb8 (23... Qe7 24. a5 Bxe3 25. Qxe3 a6 26. Na7 $16 {
[%csl Ya6][%cal Ga7c6,Gc6b4,Ye3b6]}) 24. Rd1 a6 (24... Bxe3 25. Qxe3 Bc2 (25...
a6 26. Nd6 Rd8 27. Qxe5 $18) 26. Rd7 $18) (24... Rd8 25. Rxd8+ Qxd8 (25... Bxd8
26. Bxa7 $18) 26. Nxa7 {[%csl Ga8][%cal Ga4a8,Gg2a8] For those who like clear
assessments the equation would look something like: Bg2 + Pa4 =Q}) 25. Nd6 Rd8
26. Bxb6 Qxb6 27. Qxe5 $18 Qc7 28. c4 Qe7 29. Qf4 ({The engame looks very
promising for white as well} 29. Qxe7+ Kxe7 30. c5 Rb8 31. Bb7 a5 32. Re1+ Kf6
(32... Kd7 33. Nxf7 Rhe8 34. Ne5+) 33. c6 $18) 29... Bc2 {Freeing the 'h7'
square for the king} 30. Rd2 Bxa4 31. c5 (31. Nxf7 Qe1+ (31... Rxd2 32. Nxh8+
Kg8 33. Qxd2 Kxh8 34. b4 $18) 32. Kh2 Qxd2 33. Nxd8+ Qxf4 34. Ne6+ Ke7 35. Nxf4
$16) 31... Bb3 32. c6 Kg8 33. Kh2 $1 g6 (33... Be6 $142 34. b4 $16 {[%cal
Gg2f1]}) 34. hxg6 fxg6 35. Bh3 Kh7 36. Qe3 $1 Qxe3 37. fxe3 {[%cal Gc6c7]} 1-0

[Event "Linares zt"]
[Site "Linares"]
[Date "1995.??.??"]
[Round "5"]
[White "Berend, Fred"]
[Black "Van Wely, Loek"]
[Result "0-1"]
[WhiteElo "2415"]
[BlackElo "2585"]
[Annotator "Giese"]
[PlyCount "52"]
[EventDate "1995.11.??"]
[EventType "swiss"]
[EventRounds "11"]
[EventCountry "ESP"]
[SourceTitle "CBM 051"]
[Source "ChessBase"]
[SourceDate "1996.04.01"]
[SourceVersion "1"]
[SourceVersionDate "1996.04.01"]
[SourceQuality "1"]

1. d4 Nf6 2. Nf3 d5 3. c3 Bf5 4. Qb3 Qc8 5. Bg5 Nbd7 6. e3 h6 7. Bh4 e6 8. c4
c6 9. Nc3 Bd6 10. Rc1 O-O 11. cxd5 exd5 12. Be2 Qb8 13. O-O Ne4 14. Rfd1 Re8
15. Bd3 Bg4 16. Bg3 Nxg3 17. hxg3 {[#]} Bxg3 $1 18. fxg3 (18. Be2 Bc7 $17)
18... Bxf3 19. gxf3 Qxg3+ 20. Kf1 Qxf3+ 21. Ke1 (21. Kg1 Qxe3+ 22. Kg2 (22. Kf1
Qh3+ 23. Kg1 Re3 $19) 22... Qg5+ 23. Kf1 Qf4+ 24. Kg2 Re3 25. Ne2 Qg4+ $19)
21... Rxe3+ 22. Be2 (22. Ne2 Rae8 23. Rc2 (23. Qc2 Qf4 $1 $19 {[%cal Ye3f3,
Yf3f1]}) 23... Nf6 (23... c5 $19 {[%csl Rd3][%cal Yc5c4]}) 24. Kd2 Ne4+ 25. Kc1
(25. Bxe4 R8xe4 {[%csl Rb3]} 26. Qxb7 (26. Qb4 c5 $19) 26... Rxd4+ $19) 25...
Nf2 $19) 22... Rae8 23. Rc2 (23. Qc2 Qg3+ 24. Kf1 (24. Kd2 Qf4 $19) 24... Qf4+
25. Ke1 Rh3 $19) 23... Nf6 (23... Qg3+ 24. Kd2 Qf4 $19) 24. Qxb7 Ne4 25. Nxe4
Qxe4 26. Rdd2 Qg2 0-1